00776nam a2200229Ia 4500003000900000008004100009020003000050020003100080022002200111022002300133040001600156100001800172245005100190260005700241300002000298490002000318650004800338650005500386650002000441650001200461856007300473IN-BaIIA211028s9999 xx s 000 0 eng d a978-3-642-19949-3 (Print) a978-3-642-19950-9 (Online) a2190-5053 (Print) a2190-5061 (Online) cIIA Library aSchmid, Karl  0aLaser Wakefield Electron Accelerationh[eBook] aHeidelberg, BerlinbSpringer Berlin Heidelbergc2011 aOnline resource aSpringer Theses a Optics, Lasers, Photonics, Optical Devices a Particle Acceleration and Detection, Beam Physics a Plasma Physics aPhysics uhttp://doi.org/10.1007/978-3-642-19950-9yClick Here to Access eBook